Szczegóły MARC21

Między autobiografią a opowieścią rodzinną : kobiece narracje osobiste w Polsce po 1944 roku w perspektywie historyczno-kulturowej /

003 -Nazwa inst., której nr kontr. jest w polu 001 [,]
    • @
    • Nazwa instytucji, której n kontrolny jest w polu 001
    • NUKAT
005 -DATA I CZAS OSTATNIEJ MODYFIKACJI [,]
    • @
    • pole kontrolne
    • 20241231113514.0
020 -Międzynarod. znormalizowany nr książki - ISBN [ , ]
    • a
    • Numer ISBN
    • 9788372418463 Find
040 -Instytucja sporządzająca opis [ , ]
    • a
    • Instytucja, która sporządziła opis (NP)
    • SZCZ M/KB
    • c
    • Instytucja, która sporządziła rekord (NP)
    • SZCZ M/KB
    • d
    • Instytucja, która zmodyfikowała rekord (P)
    • Ł U/JSs
    • d
    • Instytucja, która zmodyfikowała rekord (P)
    • LUBL KUL/ew
041 -Język dokumentu [0, ]
    • a
    • Język tekstu (P)
    • polski
    • b
    • Język streszczeń lub abstraktu (P)
    • angielski
942 -Rodzaj dokumentu [ , ]
    • c
    • Rodzaj dokumentu
    • Książka
100 -Hasło główne - nazwa osobowa [1, ]
    • a
    • Nazwa osobowa (NP)
    • Czerska, Tatiana.
    • 9
    • KHW
    • 43232
245 -Strefa tytułu i oznaczenia odpowiedzialności [1,0]
    • a
    • Tytuł
    • Między autobiografią a opowieścią rodzinną : Find
    • b
    • Ciąg dalszy tytułu (NP)
    • kobiece narracje osobiste w Polsce po 1944 roku w perspektywie historyczno-kulturowej / Find
    • c
    • Pozostałe elementy strefy tytułu i oznaczenia odpowiedzialności (NP)
    • Tatiana Czerska.
260 -Strefa adresu wydawniczego [ , ]
    • a
    • Miejsce wydania (P)
    • Szczecin :
    • b
    • Nazwa wydawcy (P)
    • Wydawnictwo Naukowe Uniwersytetu Szczecińskiego,
    • c
    • Data wydania (P)
    • 2011.
300 -Strefa opisu fizycznego [ , ]
    • a
    • Określenie formy książki i/lub objętość (NP)
    • 303 s. ;
    • c
    • Format (NP)
    • 21 cm.
336 -Typ zawartości [ , ]
    • a
    • Termin opisujący typ zawartości
    • Tekst
    • b
    • Kod określający zawartość
    • txt
    • 2
    • Źródło (terminu i kodu)
    • rdacontent
337 -Typ mediów [ , ]
    • a
    • Tryb odtwarzania
    • Bez urządzenia pośredniczącego
    • b
    • Kod typu mediów
    • n
    • 2
    • Źródło (terminu i kodu)
    • rdamedia
338 -Typ/rodzaj nośnika [ , ]
    • a
    • Hasło opisujące typ nośnika
    • Wolumin
    • b
    • Kod typu nośnika
    • nc
    • 2
    • Źródło (terminu i kodu)
    • rdacarrier
490 -Strefa serii i książki wielotomowej - forma nie do wyszukiwania [1, ]
    • a
    • Tytuł (P)
    • Rozprawy i Studia / Uniwersytet Szczeciński, Find
    • x
    • ISSN (NP)
    • 0860-2751 ;
    • v
    • Numeracja (P)
    • t. (883) 809
830 -Hasło dodatkowe serii i opisu książki wielotomowej - tytuł ujednolicony/tytuł [ ,0]
    • a
    • Tytuł ujednolicony/tytuł (NP)
    • Rozprawy i Studia - Uniwersytet Szczeciński
    • x
    • ISSN
    • 0860-2751
    • v
    • Oznaczenie tomu (NP)
    • t. 809
    • 9
    • KHW
    • 700
504 -Uwaga dot. bibliogr. załącznikowej [ , ]
    • a
    • Uwaga dot. bibliografii załącznikowej
    • Bibliogr. s. 277-289. Indeks.
546 -Uwaga dot. języka [ , ]
    • a
    • Uwaga dot. języka
    • Streszcz. ang.
080 -Uniwersalna Klasyfikacja Dziesiętna [ , ]
    • 2
    • Identyfikator wydania tablic
    • UDC-P058
    • 9
    • UKD
    • 8014
    • a
    • Symbol klasyfikacji
    • 821.162.1(091)
    • b
    • Dopowiedzenie
    • Literatura polska (historia).
    • 4
    • UKD2
    • 8230
    • x
    • Poddział wspólny
    • "19"
    • c
    • Dopowiedzenie poddz. wspólnego
    • Wiek XX.
080 -Uniwersalna Klasyfikacja Dziesiętna [ , ]
    • 2
    • Identyfikator wydania tablic
    • UDC-P058
    • 9
    • UKD
    • 2798
    • a
    • Symbol klasyfikacji
    • 316.346.2-055.2
    • b
    • Dopowiedzenie
    • Kobieta.
    • 4
    • UKD2
    • 7642
    • x
    • Poddział wspólny
    • (438)
    • c
    • Dopowiedzenie poddz. wspólnego
    • (Polska).
080 -Uniwersalna Klasyfikacja Dziesiętna [ , ]
    • 2
    • Identyfikator wydania tablic
    • UDC-P058
    • 9
    • UKD
    • 2836
    • a
    • Symbol klasyfikacji
    • 316.811/.815
    • b
    • Dopowiedzenie
    • Małżeństwo i rodzina. Rodzaje małżeństw i związków. Małżeństwa międzyetniczne. Małżeństwa międzywyznaniowe. Związki homoseksualne. Relacje w rodzinie. Wdowieństwo. Rozwód. Separacja.
    • 4
    • UKD2
    • 7642
    • x
    • Poddział wspólny
    • (438)
    • c
    • Dopowiedzenie poddz. wspólnego
    • (Polska).
650 -Hasło przedmiotowe [ ,7]
    • a
    • Hasło przedmiotowe
    • Autobiografia polska
    • y
    • Określnik chronologiczny
    • 1945-.
    • 2
    • Źródło terminu
    • kaba
    • 9
    • KHW
    • 365547
650 -Hasło przedmiotowe [ ,7]
    • a
    • Hasło przedmiotowe
    • Autobiografie
    • x
    • Określnik rzeczowy
    • aspekt społeczny.
    • 2
    • Źródło terminu
    • kaba
    • 9
    • KHW
    • 366464
650 -Hasło przedmiotowe [ ,7]
    • a
    • Hasło przedmiotowe
    • Kobiety
    • z
    • Określnik geograficzny
    • Polska
    • y
    • Określnik chronologiczny
    • 20 w.
    • v
    • Określnik formalny
    • biografie.
    • 2
    • Źródło terminu
    • kaba
    • 9
    • KHW
    • 366463
650 -Hasło przedmiotowe [ ,7]
    • a
    • Hasło przedmiotowe
    • Narracja pierwszoosobowa.
    • 2
    • Źródło terminu
    • kaba
    • 9
    • KHW
    • 151887
980 -Symbol UKD [ , ]
    • a
    • UKD
    • 821.162.1(091)"19":[316.346.2-055.2:316.811/.815](438)
710 -Hasło dodatkowe - nazwa ciała zbiorowego [2, ]
    • a
    • Nazwa ciała zbiorowego lub nazwa geograficzna jako pierwszy element (NP)
    • Uniwersytet Szczeciński.
    • b
    • Nazwa jednostki podrzędnej (P)
    • Wydawnictwo Naukowe.
    • 4
    • Kod relacji
    • pbl
    • 9
    • KHW
    • 51208
920 -ISBN [ , ]
    • a
    • ISBN
    • 978-83-7241-846-3 Find
Data inwentaryzacji Sygnatura Status udost. Lokalizacja Numer inwentarzowy
2012-02-22 1BGZ.115736
2012-02-22POL. Autobiografizm 101BMP.22731